Things Your 'Friends' Said Quiz Stats

Quiz Updated Apr 6, 2013

Also try: FRIENDS and Lovers
Challenge
Share
Tweet
Embed
Score 0/24 Timer 05:00
31 Plays Today
Quote Character % Correct
'The fridge broke, so I had to eat everything.'Joey Tribbiani
97.8%
'Oh, my Bing-a-ling, I'll wait for you. Do you even know how long you're going to be gone?'Janice Litman
86.6%
'Well, I started naming states, but then I got tired of it. So, I started naming different types of celery. So far I only got one- regular celery'Phoebe Buffay
75%
'And that's when it hit me- how much Barry looks like Mr. Potato Head.'Rachel Green
72%
'I needed a new thing for today, and there's this leather store that always smells so good, and I thought, 'Wow, I never really owned a good smelling pair of pants before.''Dr. Ross Geller
70.5%
'Um, Rachel, you want to put the marshmallows in concentric circles.'Monica Geller
68.1%
'Well, there's my favorite client. So tell me, darling, how was the audition?'Estelle Leonard
67.4%
'Don't listen to your mother. You're independent and you always have been. Even when you were a kid, and you were chubby and you had no friends, you were just fine!'Jack Geller
65.5%
'No! Why can't the armadillo leave? I want Santa!'Ben
62.2%
'Ross, come look. There's a deer just outside eating fruit from the orchard.'Emily Waltham
62%
'It's a tradition, like the parade. If the parade decided it was gay, moved out, and abandoned its entire family.'Chandler Bing
61.4%
'They say that our only chance to have a baby is if they take my sperm and her egg, and put it together in a dish and then put it in another girl.'Frank Buffay, Jr.
61%
Quote Character % Correct
'First name Crap, last name Bag.'Mike Hannigan
59.9%
'And then Susan and I got in this big fight because I said maybe we should call off the wedding, and she said we weren't doing it for them, we were doing it for us.'Carol Willick
59.8%
'Here, Monica, you can finish off these pies. There was no room in the fridge.'Judy Geller
57.8%
'I want to name the girl baby Leslie. And, um, Frank wants to name one of the boy babies Frank, Jr. Jr.' Alice Knight-Buffay
49.5%
'I know you're leaving tonight, but I just have to tell you...I love you. I...I don't know if that changes your plans at all, but I thought you should know.'Gunther
45.9%
'Okay, how about this? If you guys die, and the crazy plate lady dies, then do I get the baby?'Amy Green
44.5%
'Although, they did mention something about two heartbeats. But I thought that was just mine and the baby's.'Erica
42.2%
'You're still going to that chiropractor? That man couldn't get into med school in Ixtapa.'Dr. Leonard Green
40.8%
'I just wanted to come by and thank you for not laughing in my face yesterday. And I noticed there aren't any plants in your office, so I wanted to bring you your first.'Tag Jones
40.4%
'Hey, save the cork, and that way we can fill the bottle up with water and put it back so they don't charge you.'Dr. Charlie Wheeler
30%
'I could play the oboe.'Mr. Heckles
29.6%
'Thank you. I'm from New York.'Julie
25.1%

You're not logged in!

Compare scores with friends on all Sporcle quizzes.
Sign Up with Email
OR
Log In

You Might Also Like...

Show Comments

Extras

Top Quizzes Today


Score Distribution

Your Account Isn't Verified!

In order to create a playlist on Sporcle, you need to verify the email address you used during registration. Go to your Sporcle Settings to finish the process.